[Event "CP-2012-Q-00006"]
[Site "LSS email"]
[Date "2013.12.17"]
[Round "?"]
[White "Roques, Pascal"]
[Black "Kasabasic, Djordje"]
[Result "1/2-1/2"]
[WhiteElo "2226"]
[BlackElo "2202"]
[PlyCount "95"]
[EventDate "2013.12.22"]
[EventType "tourn (corr)"]
[EventRounds "6"]
[EventCountry "GER"]
[SourceTitle "Corr 2015"]
[Source "ChessBase"]
[SourceDate "2015.07.17"]
[SourceVersion "1"]
[SourceVersionDate "2015.07.17"]
[SourceQuality "1"]

1. e4 e5 2. Nf3 Nc6 3. d4 exd4 4. Nxd4 Nf6 5. Nxc6 bxc6 6. Bd3 d5 7. exd5 cxd5 8. 0-0 Be7 9. c4 d4 10. Nd2 0-0 11. Ne4 Rb8 12. Nxf6+ Bxf6 13. Re1 Qd6 14. a3 g6 15. b4 Bb7 16. Qg4 h5 17. Qf4 Rfe8 18. Rxe8+ Rxe8 19. Qxd6 Re1+ 20. Bf1 cxd6 21. Bb2 Rxa1 22. Bxa1 Be4 23. f3 Bf5 24. Kf2 g5 25. a4 Kf8 26. a5 Ke7 27. g3 Kd7 28. b5 Bc2 29. Bb2 h4 30. Ke1 Bf5 31. Bc1 hxg3 32. hxg3 Kc8 33. g4 Bb1 34. Kd1 Kb7 35. f4 Bd8 36. Bg2+ Kb8 37. a6 Bd3 38. Bd5 f6 39. Be6 Bf1 40. Ke1 Bd3 41. Ba3 Ba5+ 42. Kd1 gxf4 43. Bxd6+ Bc7 44. Bc5 Bb6 45. Bxb6 axb6 46. Kd2 Bh7 47. Bd5 Ka7 48. Bf3 1/2-1/2